000 00635cam a22002172a 4500
999 _c34708
_d34708
001 007892
003 AR-FADEU
005 20220105113459.0
008 311216n1978####xxu####################dd
040 _cBiblioteca Ernesto Sábato
092 _a327
_bA481
_eBDGR
100 _aAmadeo, Mario
245 _aPolítica internacional : los principios y los hechos
260 _aBuenos Aires
260 _bInstituto argentino de cultura hispana
260 _c1970
300 _a564 p
500 _aIncluye bibliografía
650 _aRELACIONES INTERNACIONALES; POLITICA INTERNACIONAL; POLITICA EXTERIOR
942 _cBDGR
_2ddc